Exploring research / (Record no. 7742)

MARC details
000 -LEADER
fixed length control field 00801cac a22002411u 4500
090 ## - LOCALLY ASSIGNED LC-TYPE CALL NUMBER (OCLC); LOCAL CALL NUMBER (OCLC)
-- 7742
008 - FIXED-LENGTH DATA ELEMENTS--GENERAL INFORMATION
fixed length control field 081111t2006 xxu||||| |||| 00| 0 eng d
010 ## - LIBRARY OF CONGRESS CONTROL NUMBER
LC control number 2005043550
020 ## - INTERNATIONAL STANDARD BOOK NUMBER
International Standard Book Number 0131937839
082 00 - DEWEY DECIMAL CLASSIFICATION NUMBER
Classification number 150.72
Item number SAL
100 ## - MAIN ENTRY--PERSONAL NAME
Personal name Salkind, Neil J.
245 10 - TITLE STATEMENT
Title Exploring research /
Statement of responsibility, etc Neil J. Salkind.
250 ## - EDITION STATEMENT
Edition statement 6th ed.
260 ## - PUBLICATION, DISTRIBUTION, ETC. (IMPRINT)
Place of publication, distribution, etc Upper Saddle River, N.J. :
Name of publisher, distributor, etc Pearson Prentice Hall,
Date of publication, distribution, etc c2006.
300 ## - PHYSICAL DESCRIPTION
Extent xxii, 323 p. :
Other physical details ill. ;
Dimensions 27 cm.
500 ## - GENERAL NOTE
General note distributer: Baccah
504 ## - BIBLIOGRAPHY, ETC. NOTE
Bibliography, etc Includes bibliographical references (p. 301-303) and index.
511 ## - PARTICIPANT OR PERFORMER NOTE
Participant or performer note catalogued by: wessam
650 #0 - SUBJECT ADDED ENTRY--TOPICAL TERM
Topical term or geographic name as entry element Psychology
General subdivision Research
-- Methodology.
650 #0 - SUBJECT ADDED ENTRY--TOPICAL TERM
Topical term or geographic name as entry element Education
General subdivision Research
-- Methodology.
942 ## - ADDED ENTRY ELEMENTS (KOHA)
Item type NB - Book (Non borrowing)
Call number prefix 150.72SAL
Source of classification or shelving scheme Dewey Decimal Classification
Holdings
Withdrawn status Item status Damaged status Not for loan Home library Current library Shelving location Date acquired Source of acquisition Total Checkouts Full call number Barcode Date last seen Koha item type Total Renewals Date last borrowed
        Central Library Central Library Lower Floor 05/02/2008 Purchase   150.72SAL 000009291 15/07/2025 NB - Book (Non borrowing)    
        Central Library Central Library Lower Floor 05/02/2008 Purchase 7 150.72SAL 000009290 15/07/2025 Book - Borrowing 20 08/10/2018
        Central Library Central Library Lower Floor 05/02/2008 Purchase 6 150.72SAL 000009287 15/07/2025 Book - Borrowing 14 08/10/2018
        Central Library Central Library Lower Floor 05/02/2008 Purchase 4 150.72SAL 000009286 15/07/2025 Book - Borrowing 41 10/03/2014